| 000 | 01792cam a22004574i 4500 | ||
|---|---|---|---|
| 003 | PE-LiUPU | ||
| 005 | 20250731173014.0 | ||
| 008 | 150623s r 000 0 d | ||
| 020 | _a0195126807 | ||
| 035 | _a(Sirsi) i9780195126808 | ||
| 040 |
_aPE-LiUPU _bspa _cPE-LiUPU _erda |
||
| 049 | _aPRUA | ||
| 082 | 0 | 4 |
_a222.440 66 _bS31 _221 |
| 100 | 1 |
_aSchniedewind, William M., _eautor. |
|
| 245 | 1 | 0 |
_aSociety and the promise to David : _bthe reception history of 2 Samuel 7: 1-17 / _cWilliam M. Schniedewind. |
| 264 | 1 |
_aNew York, NY : _bOxford University Press, _c1999. |
|
| 300 |
_a229 páginas ; _c24 centímetros |
||
| 336 |
_atext _2rdacontent |
||
| 337 |
_aunmediated _2rdamedia |
||
| 338 |
_avolume _2rdacarrier |
||
| 504 | _aIncluye bibliografía. | ||
| 505 | 0 | _aReading the promise to David. -Forging a common ideology: origins of the promise. -Kingdoms in crisis: vindicating the promise. -Josianic reforms: a new place for the promise. -By the waters of Babylon: the promise fails. -In Persia's shadow: restoring the promise. -Second temple judaisms read the promise. | |
| 526 | _aSEG42 | ||
| 526 | _aSEG41 | ||
| 526 | _aSEG40 | ||
| 526 | _aSEG39 | ||
| 526 | _aP94 | ||
| 526 | _aP87 | ||
| 526 | _aP86 | ||
| 526 | _aP85 | ||
| 526 | _aP77 | ||
| 526 | _aP76 | ||
| 526 | _aP35 | ||
| 630 |
_aBiblia. _pA.T. _pSamuel II _xComentarios. |
||
| 942 |
_2ddc _cBOOK |
||
| 949 |
_a222.440 66 S31 _wDEWEY _c1 _i47218 _lCCODEBUL1 _mBUL _r0 _sY _tBOOK _u2015-6-24 _xTEOLOGIA _PP35 _0COMPRA _o.STAFF. Colección General |
||
| 994 |
_aC0 _bPEPRU |
||
| 596 | _a1 | ||
| 999 |
_a222.440 66 S31 _wDEWEY _c23767 _i47218 _f2021-11-9 _g5 _lCCODEBUL1 _mBUL _r0 _sY _tBOOK _u2015-6-24 _xTEOLOGIA _PP35 _0COMPRA _o.STAFF. Colección General _d23767 |
||
| 980 |
_81 _gALBERTO SANCHEZ Responsable de Automatización |
||